| 000 | 00357nam a22001457a 4500 | ||
|---|---|---|---|
| 008 | 210531b ||||| |||| 00| 0 eng d | ||
| 020 | _a9780201490053 | ||
| 041 | _aeng | ||
| 080 | _a330.101.541 | ||
| 082 | _a330.101.541 | ||
| 100 | _a52 | ||
| 101 | _aMAKRO | ||
| 245 |
_aActivities and Investigations in Economics _cElmer U. Clawson |
||
| 942 |
_2udc _cBK |
||
| 999 |
_c57850 _d57850 |
||